000 00371nam a22001697a 4500
003 UA-OsUOA
001 6116
007 ta
008 20050721b un ||||| |||| 00| 0 ukr d
100 _aIrwin
700 _aTheodore
942 _cBK
040 _aUA-OsUOA
_cUA-OsUOA
_dUA-OsUOA
245 _aLet's Travel in Holland.
_bCountry Studies
955 _a2
650 7 _2UDC
999 _c292278
_d292278